000 00774nam a2200253Ia 4500
003 OSt
005 20220918170022.0
006 a|||||r|||| 00| 0
007 ta
008 220917b |||||||| |||| 00| 0 eng d
020 _a8186921559 (hbk)
_c320
024 _a249,208
037 _b385, 04/01/2011, Eastern Book Linkers
_cTextual
040 _aARTS
_cARTS
_beng
041 _2eng
_aeng
082 _aR691, Q1
100 _aHeera Bhupender
_926675
245 0 _aUniqueness of carvaka philosophy in traditional Indian thought
260 _aNew Delhi
_bDecent Books India
_c2011
300 _axvi,128p.
_ccm.
650 _aPHILOSOPHY
942 _hR691, Q1
_cTEXL
_2CC
999 _c132269
_d132269